000 00716nam a2200241Ia 4500
003 OSt
005 20221006155833.0
006 a|||||r|||| 00| 0
007 ta
008 221006b |||||||| |||| 00| 0 eng d
024 _a43,641
037 _cSeries Articles
040 _aEASL
_cEASL
_beng
041 _2eng
_aeng
100 _aSen Dwaipayan
_9670567
245 0 _aRepresentaion, education and agrarian reform
_b jogendernath mandal and the natuer of scheduled caste politics, 1937-1943
260 _aCambridge
_bCambridge University Press UK
_c2014
300 _a77-120
_ccm.
490 _v48
650 _aAsian Studies
942 _cREF
_2CC
999 _c1111727
_d1111727